| 000 | 01332nam a2200277Ia 4500 | ||
|---|---|---|---|
| 999 |
_c55850 _d55850 |
||
| 001 | 22947 | ||
| 003 | GE_BSU | ||
| 005 | 20250908200840.0 | ||
| 008 | 181216s2002||||ge |||||||||||||| ||geo|| | ||
| 040 | _cGE_BSU | ||
| 041 | _ageo | ||
| 080 | _a087.5:1 მ-43 | ||
| 100 |
_aმახარაძე, მიხეილ _925783 |
||
| 245 |
_aფილოსოფია მოზარდთათვის / _cმიხეილ მახარაძე ; დიზაინერი მზია ლეკვეიშვილი. |
||
| 264 |
_aთბილისი : _bელფი, _c2002. |
||
| 300 |
_a80 გვ. ; _b ილ. _c 20 სმ. |
||
| 490 | _aელფის სასკოლო ბიბლიოთეკა | ||
| 500 | _aფილოსოფოსთა საძიებელი : გვ. 67-76 | ||
| 500 | _aფილოსოფიური ტერმინების მოკლე ლექსიკონი : გვ. 76-78 | ||
| 500 | _aთავფურცელზე: ავტორის მინაწერი | ||
| 541 | _h3 ლ. | ||
| 653 | _aფილოსოფია მოზარდთათვის | ||
| 653 | _aფილოსოფია | ||
| 700 |
_aლეკვეიშვილი, მზია _eდიზაინერი _925784 |
||
| 942 |
_cBK _2udc |
||